Food in Finnish 2: dairy products - Statistics

General Stats
  • This quiz has been taken 6 times
  • The average score is 5 of 7
Answer Stats
Hint Answer % Correct
cheese juusto
100%
milk maito
100%
ice cream jäätelö
83%
yoghurt jogurtti
83%
cream kerma
67%
dairy products maitotuotteet
33%
sour milk piimä
17%
No matching quizzes found
Score Distribution
Percent of People with Each Score
Percentile by Number Answered
Your Score History
You have not taken this quiz